Name That Country (Americas) Quiz Stats

 Plays Quiz Updated Apr 25, 2018

Score 0/20 Timer 04:00
0 Plays Today
Name a country that... Country % Correct
...has won the FIFA World Cup.Argentina, Brazil and Uruguay
89.6%
...uses the Peso as their currency.Argentina, Chile, Colombia, Cuba, Dominican Republic, Mexico and Uruguay
88.6%
...lies on the equator.Brazil, Colombia and Ecuador
85.9%
...only has red, white and blue on their flag.Chile, Cuba, Panama and United States
85.2%
...is a home country of someone who has been to outer space.Brazil, Canada, Cuba, Mexico and United States
85.1%
...was liberated by Simón BolívarBolivia, Colombia, Ecuador, Panama, Peru and Venezuela
83.9%
...experienced one of the top five highest magnitude earthquakes of all time.Chile and United States
81.9%
...is one of the 5 closest countries to France via overseas territories.Brazil, Canada, Dominica, St. Lucia and Suriname
78.4%
...has a territorial dispute with a European nation.Argentina, Canada, and Suriname
76.9%
...is in Hispaniola.Dominican Republic and Haiti
72.1%
Name a country that... Country % Correct
...recognizes Kosovo's independence.Belize, Canada, Colombia, Costa Rica, Dominica, Dominican Republic, El Salvador, Grenada, Guyana, Haiti, Honduras, Panama, Peru, Saint Lucia, St. Kitts and Nevis, and United States
71.6%
...has an area smaller than the state of Connecticut (5,544 sq. mi.).Antigua and Barbuda, Barbados, Bahamas, Dominica, Grenada, Jamaica, St. Lucia, St. Kitts and Nevis, St. Vincent and the Grenadines, and Trinidad and Tobago
70.3%
...indigenous people make up at least one third of the population.Bolivia (59%), Peru (46%) and Guatemala (36%)
68.4%
...has a capital city with the country's English name in it.Guatemala, Mexico and Panama
67%
...has an average life expectancy below 70 years old.Bolivia, Guyana, Haiti and Trinidad & Tobago
66.1%
...has a former president who is currently imprisoned.Brazil, Guatemala, Nicaragua, and Paraguay
63.8%
...is South American and has NOT been under a military dictatorship in the past.Guyana
63.7%
...has a capital beginning with the letter C.St. Lucia and Venezuela
63.3%
...derives its name from religion.Dominica, Dominican Republic, El Salvador, St. Kitts & Nevis, St. Lucia, St. Vincent & the Grenadines and Trinidad & Tobago
62.1%
...has no standing military.Costa Rica, Grenada, St. Lucia, and St. Vincent & the Grenadines
61.4%

You're not logged in!

Compare scores with friends on all Sporcle quizzes.
OR
Log In

Sporcle TV

Today on Sporcle TV


Watch our educational content, quiz creation guides, and fun videos on Sporcle TV.

Show Comments

Extras

Top Quizzes Today


Score Distribution

Your Account Isn't Verified!

In order to create a playlist on Sporcle, you need to verify the email address you used during registration. Go to your Sporcle Settings to finish the process.

Report this User

Report this user for behavior that violates our Community Guidelines.

Details: